Yukon ho! : (Record no. 663)

MARC details
000 -LEADER
fixed length control field 00851cam a2200253 a 4500
005 - DATE AND TIME OF LATEST TRANSACTION
control field 20260322212029.0
008 - FIXED-LENGTH DATA ELEMENTS--GENERAL INFORMATION
fixed length control field data
010 ## - LIBRARY OF CONGRESS CONTROL NUMBER
LC control number 88083874
020 ## - INTERNATIONAL STANDARD BOOK NUMBER
International Standard Book Number 0836218353
020 ## - INTERNATIONAL STANDARD BOOK NUMBER
International Standard Book Number 9780836218350
040 ## - CATALOGING SOURCE
Original cataloging agency DLC
Transcribing agency DLC
Modifying agency DLC
050 00 - LIBRARY OF CONGRESS CALL NUMBER
Classification number PN6728.C34
Item number W388 1989
082 00 - DEWEY DECIMAL CLASSIFICATION NUMBER
Classification number 741.5/73
Edition information 20
099 ## - LOCAL FREE-TEXT CALL NUMBER (OCLC)
Classification number WATTEB
001 - CONTROL NUMBER
control field data
100 1# - MAIN ENTRY--PERSONAL NAME
Personal name Watterson, Bill.
240 10 - UNIFORM TITLE
Uniform title Calvin and Hobbes.
Form subheading Selections
245 10 - TITLE STATEMENT
Title Yukon ho! :
Remainder of title a Calvin and Hobbes collection /
Statement of responsibility, etc. Bill Watterson.
260 ## - PUBLICATION, DISTRIBUTION, ETC.
Place of publication, distribution, etc. Kansas City, Mo. :
Name of publisher, distributor, etc. Andrews and McMeel,
Date of publication, distribution, etc. c1989.
300 ## - PHYSICAL DESCRIPTION
Extent 126 p. :
Other physical details chiefly ill. ;
Dimensions 23 cm.
655 #0 - INDEX TERM--GENRE/FORM
Genre/form data or focus term Comic books, strips, etc.
856 42 - ELECTRONIC LOCATION AND ACCESS
Materials specified Contributor biographical information
Uniform Resource Identifier <a href="http://www.loc.gov/catdir/enhancements/fy0835/88083874-b.html">http://www.loc.gov/catdir/enhancements/fy0835/88083874-b.html</a>
856 42 - ELECTRONIC LOCATION AND ACCESS
Materials specified Publisher description
Uniform Resource Identifier <a href="http://www.loc.gov/catdir/enhancements/fy0835/88083874-d.html">http://www.loc.gov/catdir/enhancements/fy0835/88083874-d.html</a>
Holdings
Withdrawn status Lost status Damaged status Not for loan Home library Current library Shelving location Date acquired Total checkouts Full call number Barcode Date last seen Price effective from Koha item type
        Franklin Franklin General stacks 22/03/2026   741.5/73 20 BC0010680 22/03/2026 22/03/2026 Books